Dừng chân, nhìn lại và bước tiếp ...
Sách sẽ giúp cho các bạn những hành trang cần thiết trong cuộc sống, với mong muốn truyền cho giới trẻ một thông điệp có khát vọng trong cuộc sống, sống sao có lý tưởng, sống sao có ích cho gia đình, cho xã hội, góp phần xây dựng đất nướ...
Spremljeno u:
| Glavni autor: | |
|---|---|
| Format: | Knjiga |
| Jezik: | Undetermined |
| Izdano: |
Hà Nội
Thế giới
2013
|
| Teme: | |
| Oznake: |
Dodaj oznaku
Bez oznaka, Budi prvi tko označuje ovaj zapis!
|
| Thư viện lưu trữ: | Trung tâm Học liệu Trường Đại học Cần Thơ |
|---|
| LEADER | 01014nam a2200205Ia 4500 | ||
|---|---|---|---|
| 001 | CTU_193701 | ||
| 008 | 210402s9999 xx 000 0 und d | ||
| 020 | |c 40000 | ||
| 082 | |a 650.1 | ||
| 082 | |b V308 | ||
| 100 | |a Nguyễn, Quốc Việt | ||
| 245 | 0 | |a Dừng chân, nhìn lại và bước tiếp ... | |
| 245 | 0 | |c Nguyễn Quốc Việt | |
| 260 | |a Hà Nội | ||
| 260 | |b Thế giới | ||
| 260 | |c 2013 | ||
| 520 | |a Sách sẽ giúp cho các bạn những hành trang cần thiết trong cuộc sống, với mong muốn truyền cho giới trẻ một thông điệp có khát vọng trong cuộc sống, sống sao có lý tưởng, sống sao có ích cho gia đình, cho xã hội, góp phần xây dựng đất nước phồn vinh và bền vững. | ||
| 650 | |a Career development,Phát triển nghề nghiệp | ||
| 910 | |a Hải | ||
| 980 | |a Trung tâm Học liệu Trường Đại học Cần Thơ | ||